00853nam a22002537a 45000010005000000030006000050050017000110080041000280200018000690400029000870500016001160820015001321000022001472450042001692500041002112600039002523000042002915050008003335200152003415210021004935210021005146500034005356500030005695193FISKH20241118154818.0241118b cb ||||| |||| 00| 0 eng d a9780590465656 aFISKHbengcFISKHdFISKH aHQ796.F7635 a305.230973 aFreedman, Russell aImmigrant Kids /cby Russell Freedman aFirst Scholastic printing, June 1992 aNew York : bScholastic ; c1980 . a72 pages :billustrations ;c27 cm .  aZ  aText and contemporary photographs chronicle the life of immigrant children at home, school, work, and play during the late 1800's and early 1900's.8 a1050 bLexile 8 aZ bRaz-Plus  aAmerican historyvnon-fiction aEllis Islandvnon-fiction